000 00190 a2200097 4500
020 _a9780525707233
041 _aspa
100 _aSeuss, Dr
245 _aHuevos Verdes con Jamon
942 _cBK
999 _c30434
_d30432